[Event "Berdsk-ch"]
[Site "Berdsk"]
[Date "2011.01.06"]
[Round "5"]
[White "Ruzanov, Alexander"]
[Black "Bobko, Ekaterina"]
[Result "1-0"]
[WhiteElo "2050"]
[BlackElo "2063"]
[PlyCount "69"]
[EventDate "2011.01.02"]
[EventType "swiss"]
[EventRounds "9"]
[EventCountry "RUS"]
[SourceTitle "CBM 140 Extra"]
[Source "ChessBase"]
[SourceDate "2011.03.01"]
[SourceVersion "1"]
[SourceVersionDate "2011.03.01"]
[SourceQuality "1"]

1. e4 c5 2. Nf3 d6 3. d4 cxd4 4. Nxd4 Nf6 5. Nc3 Nc6 6. Bc4 Qb6 7. Nb3 e6 8. 0-0 a6 9. Be3 Qc7 10. a4 Ne5 11. Be2 b6 12. Nd2 Bb7 13. f4 Ned7 14. Bf3 Be7 15. Kh1 Rc8 16. Qe2 0-0 17. g4 d5 18. e5 Nxg4 19. Bg1 Nh6 20. Rac1 Nf5 21. Nd1 Bc5 22. c3 Qd8 23. Nb3 Qh4 24. Qg2 Qxf4 25. Bg4 Qxe5 26. Bxf5 exf5 27. Bd4 Bxd4 28. Nxd4 Qe4 29. Rf3 f4 30. Nf2 Qg6 31. Qh3 Ne5 32. Rxf4 Nc6 33. Rg1 Qd6 34. Rxg7+ Kxg7 35. Nf5+ 1-0

[Event "Berdsk Maestro op 16th"]
[Site "Berdsk"]
[Date "2010.07.09"]
[Round "2"]
[White "Ruzanov, Alexander"]
[Black "Ubiennykh, Ekaterina"]
[Result "0-1"]
[WhiteElo "2078"]
[BlackElo "2272"]
[PlyCount "80"]
[EventDate "2010.07.08"]
[EventType "swiss"]
[EventRounds "9"]
[EventCountry "RUS"]
[SourceTitle "EXT 2011"]
[Source "ChessBase"]
[SourceDate "2010.11.26"]
[SourceVersion "1"]
[SourceVersionDate "2010.11.26"]
[SourceQuality "1"]

1. e4 c5 2. Nf3 e6 3. d4 cxd4 4. Nxd4 Nc6 5. c4 Nf6 6. Nc3 Bb4 7. f3 0-0 8. Bg5 Qa5 9. Nxc6 Bxc3+ 10. bxc3 Qxg5 11. Nd4 d5 12. e5 Qxe5+ 13. Be2 dxc4 14. Qa4 Nd5 15. Qa3 Qe3 16. Nc2 Qxc3+ 17. Qxc3 Nxc3 18. Bxc4 Bd7 19. 0-0 Rac8 20. Bb3 a5 21. Ne3 a4 22. Bc4 b5 23. Bd3 Rfd8 24. Rf2 Be8 25. Bf1 f5 26. a3 f4 27. Ng4 Rc5 28. Re1 h5 29. Ne5 Rd1 30. Rxd1 Nxd1 31. Nd3 Rc3 32. Rd2 Ne3 33. Be2 Nc4 34. Rd1 g5 35. h4 Rc2 36. Re1 Nxa3 37. hxg5 Rd2 38. Bf1 Nc2 39. Rxe6 Bf7 40. Re7 a3 0-1

[Event "Berdsk op"]
[Site "Berdsk"]
[Date "2010.01.02"]
[Round "1"]
[White "Latyev, Viktor"]
[Black "Ruzanov, Alexander"]
[Result "1/2-1/2"]
[WhiteElo "1932"]
[BlackElo "2070"]
[PlyCount "65"]
[EventDate "2010.01.02"]
[EventType "swiss"]
[EventRounds "9"]
[EventCountry "RUS"]
[SourceTitle "CBM 134 Extra"]
[Source "ChessBase"]
[SourceDate "2010.03.03"]
[SourceVersion "1"]
[SourceVersionDate "2010.03.03"]
[SourceQuality "1"]

1. d4 d5 2. c4 e6 3. cxd5 exd5 4. Nc3 f5 5. Nf3 Nf6 6. g3 c6 7. Bg2 Be7 8. 0-0 0-0 9. Rb1 a5 10. a3 Na6 11. Ne5 Nd7 12. Nd3 Nb6 13. b4 axb4 14. axb4 Nc4 15. Qb3 b5 16. Rd1 Re8 17. Bf4 Be6 18. Ra1 Bd6 19. Ra2 Bxf4 20. Nxf4 Bf7 21. Rda1 Nc7 22. Rxa8 Nxa8 23. Nd3 Nab6 24. Nc5 Nd7 25. Nd3 Qb6 26. e3 Qb7 27. Qa2 Ndb6 28. Nc5 Qe7 29. Qa7 Qd6 30. Qa2 g6 31. Qe2 Nd7 32. Nd3 Qc7 33. Ra6 1/2-1/2

[Event "Novokuznetsk op"]
[Site "Novokuznetsk"]
[Date "2008.08.12"]
[Round "1"]
[White "Nigametzianov, Mikhail"]
[Black "Ruzanov, Alexander"]
[Result "1-0"]
[WhiteElo "2372"]
[BlackElo "2020"]
[PlyCount "59"]
[EventDate "2008.08.12"]
[EventType "swiss"]
[EventRounds "9"]
[EventCountry "RUS"]
[SourceTitle "EXT 2022"]
[Source "ChessBase"]
[SourceDate "2021.10.06"]
[SourceVersion "1"]
[SourceVersionDate "2021.10.06"]
[SourceQuality "1"]

1. d4 d5 2. c4 e6 3. Nf3 f5 4. Nc3 Nf6 5. Bf4 c6 6. e3 Be7 7. Bd3 0-0 8. Qc2 Ne4 9. g4 Nxc3 10. bxc3 c5 11. gxf5 exf5 12. Rg1 Be6 13. cxd5 Bxd5 14. Ne5 Be6 15. Bh6 Bf6 16. Bxf5 Bxf5 17. Qxf5 Qe7 18. Bg5 Nc6 19. Nd7 Bxg5 20. Nxf8 Rxf8 21. Qxg5 Qf7 22. Rg2 cxd4 23. cxd4 Nb4 24. Kf1 g6 25. Kg1 Qf3 26. Qg4 Qd5 27. h4 Nc6 28. h5 Ne7 29. Qg5 Qf7 30. Rc1 1-0

[Event "Berdsk Maestro op 14th"]
[Site "Berdsk"]
[Date "2008.07.10"]
[Round "3"]
[White "Khatoev, Eduard"]
[Black "Ruzanov, Alexander"]
[Result "1-0"]
[WhiteElo "2110"]
[BlackElo "2020"]
[PlyCount "85"]
[EventDate "2008.07.08"]
[EventType "swiss"]
[EventRounds "9"]
[EventCountry "RUS"]
[SourceTitle "CBM 125 Extra"]
[Source "ChessBase"]
[SourceDate "2008.09.01"]
[SourceVersion "1"]
[SourceVersionDate "2008.09.01"]
[SourceQuality "1"]

1. d4 d5 2. Nf3 c6 3. c4 e6 4. e3 f5 5. Bd3 Nf6 6. 0-0 Be7 7. b3 a5 8. Ba3 0-0 9. Bxe7 Qxe7 10. Nc3 b6 11. Qc2 Nbd7 12. Rfc1 Bb7 13. cxd5 cxd5 14. Nb5 Rfc8 15. Qe2 Ne4 16. Ne5 Nd6 17. f4 Ne8 18. g4 Nxe5 19. dxe5 g6 20. Nd4 Ng7 21. Kg2 Rc5 22. Rh1 Qh4 23. h3 Rac8 24. Rag1 Kf7 25. Kh2 Qe7 26. Nb5 Kf8 27. Nd6 R8c7 28. Rg3 Ba6 29. Rhg1 Rc2 30. Qxc2 Rxc2+ 31. Bxc2 Qc7 32. Bb1 Qc3 33. gxf5 exf5 34. e4 Qd2+ 35. R1g2 Qxf4 36. exf5 Qxe5 37. fxg6 hxg6 38. Rf2+ Nf5 39. Nxf5 Ke8 40. Ne3 d4 41. Bxg6+ Kd8 42. Nc4 Bxc4 43. bxc4 1-0